| 000 | 00659 a2200205 4500 | ||
|---|---|---|---|
| 020 | _a1-58705-239-3 (pbk.) | ||
| 035 | _a13873984 | ||
| 040 |
_aDLC _bDLC |
||
| 100 | 1 | _aCarter, Earl. | |
| 245 | 1 | 0 |
_aIntrusion prevention fundamentals _cEarl Carter, Jonathan Hogue |
| 246 | 1 | _aIntroduction to network attack mitigation with IPS | |
| 260 |
_aIndianapolis, IN : _bCisco Press, _cc2006. |
||
| 300 |
_axxiii, 287 p. : _bill. ; _c24 cm. |
||
| 440 | 0 | _aCisco Press fundamentals series | |
| 500 | _aIncludes index. | ||
| 650 | 0 |
_aComputer networks _xSecurity measures. |
|
| 650 | 0 | _aComputer security. | |
| 700 | 1 | _aHogue, Jonathan. | |
| 942 |
_cBK _k005.8 CAR _2ddc |
||
| 999 |
_c6702 _d6702 |
||